1265 1570 1680 1876 1628 1467 1567 1571 1618 1645 1700 1590 1659 1257 1194 1341 1417 1622 1943 1198 1039 1226 1437 1054 1964 1100 1939 1124 1421 1580 1292 1074 1832 1806 1193 1344 1670 1839 1368 1162 1592 1996 1953 1127 1501 1989 1628 1502 1758 1233 1311 1184 1149 1087 1916 1850 1512 1038 1966 1839 1874 1259 1890 1961 1068 1599 1773 1360 1805 1439 1698 1228 1133 1675 1432 1565 1340 1807 1585 1878 1962 1033 1258 1656 1842 1784 1383 1750 1278 1616 1940 1015 1005 1510 1589 1244 1863 1285 1672 BCNSPRNW ULIB Ver.6.0+V

เปลี่ยนเป็นภาษาไทย

Change to English
 แสดงรายละเอียดบรรณานุกรม
  กลับหน้าหลัก

Brief Record : Get Marc (ISO 2709) : E-mail record : QR code < ปิดหน้าต่าง
LEADER : 00000nam 2200000uu 4500
001    13399127071
003     ULIB
008    020711s2559 th a 000 0 tha d
020    ^a9786162277276
060    ^aWS103^bต-บ
100    ^aตุ๊บปอง
245    ^aบ้านต้นไม้ ชุดคำพ่อสอน
250    ^aพิมพ์ครั้งที่ 1
260    ^aกรุงเทพฯ :^bบริษัท แปลน ฟอร์ คิดส์ จำกัด,^c2559
300    ^a24 หน้า;^b21 ซม.
650    ^aเด็ก^xการเรียนการสอน
945    ^p95^l0^i006259
999    ^aประนอม เกษจรัล
รายการนี้ยังไม่มีแท็ก
คุณยังไม่ได้ล็อกอิน คุณสามารถมีกิจกรรมร่วมกับเว็บไซต์ได้ แต่ต้องล็อกอินก่อน ::
  ล็อกอิน

รายการสื่อสารสนเทศ

ลำดับที่ ประเภท เลขเรียก/บาร์โค้ด สถานที่ สถานะ
1. วิทยาศาสตร์การแพทย์ และสุขภาพ
วิทยาศาสตร์การแพทย์ และสุขภาพ
WS103 ต-บ ฉ.1 
  Barcode: 006259
ห้องสมุดวิทยาเขตสวรรค์ประชารักษ์
►หนังสือทั่วไป
ถูกยืม กำหนดส่งวันที่ 27 ธันวาคม 2564
  จอง

รายการใกล้เคียง
    ผู้แต่ง [ตุ๊บปอง]

BibComment


ยังไม่เคยถูกคอมเมนท์

คอมเมนท์ทรัพยากรรายการนี้
  คอมเมนท์: บ้านต้นไม้ ชุดคำ..


 Copyright 2026. Bcnsprnw @Library